Maillot de Dortmund par saison - Statistiques

Statistiques générales
  • Ce quiz a été pris 18 fois
  • Le résultat moyen est 9 sur 17
Statistiques - réponses
Par images Réponse % Correct
2014/2015
79%
2020/2021
79%
2021/2022
64%
2022/2023
64%
2011/2012
57%
2013/2014
57%
2015/2016
57%
2018/2019
57%
2023/2024
57%
2010/2011
50%
2016/2017
50%
2017/2018
50%
2019/2020
50%
2012/2013
43%
2024/2025
43%
2025/2026
43%
2009/2010
29%
Aucun quiz correspondant
Distribution des résultats
% des personnes avec chaque résultat
Percentile par nombre de réponses
Votre historique - résultats
Vous n’avez pas pris ce quiz